History Quiz

Random History or Celebrity Quiz

Biography: L Quiz Stats

Quiz Updated Mar 13, 2016

Also try: Biography: M
Challenge
Share
Tweet
Embed
Score 0/20 Timer 06:00
5 Plays Today
Biography Channel Profile 'L' Person % Correct
Also known as J.Lo, she is an American actress, singer, record producer, television personality, and fashion designer.Jennifer Lopez
93.5%
He was the 16th president of the United States. He preserved the Union during the U.S. Civil War and brought about the emancipation of slaves.Abraham Lincoln
93%
He was founder of the Russian Communist Party, leader of the Bolshevik Revolution, and architect and first head of the Soviet state.Vladimir Lenin
91.3%
He was an actor, film producer and director, and the martial arts expert who founded the Jeet Kune Doe martial arts system.Bruce Lee
87%
She is a singer who rose to fame in the 1980s with a string of pop hits such as 'Girls Just Want to Have Fun.'Cyndi Lauper
84.7%
He was an Australian television and film actor. His portrayal of a gay cowboy in 'Brokeback Mountain' was groundbreaking. He died at the age of 28. Heath Ledger
83.5%
He wrote the book series The Chronicles of Narnia. The books explored Christianity through the adventures of four children in a magical land.C.S. Lewis
79%
A comedian and retired late-night talk show host, he is known for his irreverent sense of humor and cynical, mocking style.David Letterman
79%
His portrayal of Dr. Gregory on the TV show 'House' made him famous in the U.S. For years prior, the comedian was making sitcoms in the U.K.Hugh Laurie
77.3%
He starred in three popular TV series that spanned three decades: 'Bonanza,' 'Little House on the Prairie,' and 'Highway to Heaven.'Michael Landon
63.9%
Biography Channel Profile 'L' Person % Correct
He is an American chef, restaurateur, television personality, and author. He is known for the catchphrases 'Kick it up a notch!' and 'BAM!'Emeril Lagasse
63.5%
He was an NFL coach most known for his time with the Green Bay Packers, a team he led to five championships.Vince Lombardi
61%
He is an American former world middleweight champion boxer. He was famously portrayed by Robert De Niro in the film 'Raging Bull.'Jake LaMotta
58.9%
She is an American screen actress. Among other acting credits, she has played Sue Sylvester in the comedic TV series 'Glee.'Jane Lynch
56.3%
He was the Swedish author best known for his Millennium novels, including 'The Girl with the Dragon Tattoo.'Stieg Larsson
55.1%
He was an American football player and coach. He is legendary for his successes as the coach of the Dallas Cowboys.Tom Landry
54.2%
She is an American actress best known for her roles as Sammy on 'Dynasty,' Amanda on 'Melrose Place,' and Caitlin on 'Spin City.'Heather Locklear
48.2%
Considered one of America's best portrait photographers, she developed her trademark use of bold colors and poses while at Rolling Stone.Annie Leibovitz
42.9%
He wrote popular, long-running sitcoms, including 'All in the Family' and 'The Jeffersons.' His work addressed racial and political issues in the U.S.Norman Lear
37.1%
She was a photographer whose portraits of displaced farmers during the Great Depression greatly influenced later documentary photography.Dorothea Lange
12%

You're not logged in!

Compare scores with friends on all Sporcle quizzes.
Join for Free
OR
Log In

You Might Also Like...

Show Comments

Extras

Top Quizzes Today


Score Distribution

Your Account Isn't Verified!

In order to create a playlist on Sporcle, you need to verify the email address you used during registration. Go to your Sporcle Settings to finish the process.

Report this User

Report this user for behavior that violates our Community Guidelines.

Details: